000 00760nam a22002177a 4500
003 OSt
005 20250725030922.0
008 250725b |||||||| |||| 00| 0 eng d
020 _a978-1-77469-448-0
040 _aDWC-Main Lib
_cOC
082 _aRes. 005.4 C744 2024
100 _aKuzmiakova, Adele
245 _aConcurrent, parallel and distributed computing/
_cAdele Kuzmiakova
260 _aBurlington, Canada :
_bArcler Press,
_cc2023.
300 _aix, 239 pages :
_billustrations ;
_c24cm.
504 _aIncludes bibliographical references and index.
650 _a1. Concurrent programming (computer science)
650 _a2. Distributed computing
650 _a3. Parallel processing (electronic computing).
942 _2ddc
_cBK-0 CIRC
_kRes.
_n0
999 _c3811
_d3811